00959nam a22002537a 4500999001700000005001700017008004100034010002600075020002300101035001400124035001400138037001500152040001800167082001200185100002200197245005200219260003900271270005800310300002200368650002700390942002600417952013300443952012900576 c27061d2706120221215104553.0090601t xxu||||| |||| 00| 0 eng d aENG-93809 ENG-135365 a8186261036c300.00 aEN-77342  aEN-119397 bDBAD / PUB adplbEnglish  a380.103 aSharma, Ravinder  aA dictionary of commerce /cby Ravinder Sharma  aNew Delhi bS.K. Publishers c2008 aA-47, Amar Colony, Lajpat Nagar, bNew Delhi e110024 a316p. c23cm(Hb)  aCommercexDictionaries 2ddccENh380.103mSHA 00102ddc40718NFICaDBADbDBADd2009-06-01eDBAD / PUBg300.00l0o380.103 SHApEN-77342r2009-06-01 00:00:00t1v300.00yEN 00102ddc40708NFICaRKPbRKPd2022-12-15eDBAD/PUBg300.00l0o380.103 SHApEN-119397r2022-12-15 00:00:00t1v300.00yEN